Mishkinovo pojetí finančních krizí na nově vznikajících trzích

Hlavné smery výskumu v oblasti problému finančných kríz. Mishkinová definícia kríz. Faktory napomáhajúce vzniku finančných kríz. Vplyvy poškodzujúce situáciu firiem (nonfinancial balance effects). Vývoj a základné fázy finančných kríz na novo vznikajúcich trhoch.

Gespeichert in:
Bibliographische Detailangaben
1. Verfasser: Dvořák, Pavel
Weitere Verfasser: Pavel
Format: Buchkapitel
Sprache:Tschechisch
Schlagworte:
Tags: Tag hinzufügen
Keine Tags, Fügen Sie das erste Tag hinzu!

MARC

LEADER 00000naa$a2200000$$$4500
001 0001642
005 20231003120038.3
041 0 |a cze 
044 |a CZ 
245 1 0 |a Mishkinovo pojetí finančních krizí na nově vznikajících trzích  |c aut. Pavel Dvořák 
520 |a Hlavné smery výskumu v oblasti problému finančných kríz. Mishkinová definícia kríz. Faktory napomáhajúce vzniku finančných kríz. Vplyvy poškodzujúce situáciu firiem (nonfinancial balance effects). Vývoj a základné fázy finančných kríz na novo vznikajúcich trhoch. 
610 2 0 |a kríza finančná 
610 2 0 |a teórie ekonomické 
610 2 0 |a trh 
610 2 0 |a modely ekonomicko-matematické 
610 2 0 |a sadzby úrokové 
610 2 0 |a firmy 
610 2 0 |a liberalizácia 
100 1 |a Dvořák, Pavel 
700 1 |a Pavel